Patología oral y general en odontología (Registro nro. 7967)
[ vista simple ]
| 000 -Cabecera | |
|---|---|
| Campo de control de longitud fija | 01405nam a2200481 c 4500 |
| 005 - Fecha y hora de la última transacción | |
| Campo de control | 20251106192405.0 |
| 008 - Elementos de longitud fija--Información general | |
| Campo de control de longitud fija | 151130s2015 sp a | |||| 001 0 spa |
| 020 ## - International Standard Book Number | |
| Número Internacional Estándar del Libro (ISBN) | 9788416004843 |
| 041 1# - Idioma | |
| Código de idioma | Español |
| 082 ## - Clasificación Decimal Dewey | |
| Número de clasificación | 616.31 D361p2 |
| 100 1# - Entrada principal--Autor personal | |
| Nombre personal | DeLong, Leslie |
| 9 (RLIN) | 8096 |
| 100 1# - Entrada principal--Autor personal | |
| Nombre personal | Burkharat, Nancy W. |
| 9 (RLIN) | 8097 |
| 245 10 - Título propiamente dicho | |
| Título | Patología oral y general en odontología |
| 250 ## - Edición | |
| Mención de edición | 2ª edición |
| 260 ## - Pie de imprenta | |
| Lugar de publicación, distribución, etc. | España |
| 260 ## - Pie de imprenta | |
| Nombre del editor, distribuidor, etc. | Wolters Kluwer Health |
| 260 ## - Pie de imprenta | |
| Fecha de publicación, distribución, etc. | 2015 |
| 300 ## - Descripción física | |
| Extensión | 686 páginas |
| 300 ## - Descripción física | |
| Otras características físicas | Ilustraciones a color |
| 490 ## - Serie | |
| Título de la Serie | Mecánica Dental |
| 650 ## - Materia general | |
| Temática (materia general) | ENFERMEDADES DE LA BOCA |
| 650 ## - Materia general | |
| Temática (materia general) | ENFERMEDADES DENTALES |
| 650 ## - Materia general | |
| Temática (materia general) | PATOLOGÍA ORAL |
| 650 ## - Materia general | |
| Temática (materia general) | ODONTOLOGÍA |
| 650 ## - Materia general | |
| Temática (materia general) | NEOPLASIA |
| 650 ## - Materia general | |
| Temática (materia general) | TRASTORNOS ENDOCRINOS |
| 650 ## - Materia general | |
| Temática (materia general) | TRASORNOS CARDIOVASCULARES |
| 650 ## - Materia general | |
| Temática (materia general) | TRASTORNOS HEMATOLÓGICOS |
| 650 ## - Materia general | |
| Temática (materia general) | TRASTORNOS RESPIRATORIOS |
| 650 ## - Materia general | |
| Temática (materia general) | TRASTORNOS GASTROINTESTINALES |
| 650 ## - Materia general | |
| Temática (materia general) | TRASTORNOS NEUROLÓGICOS |
| 650 ## - Materia general | |
| Temática (materia general) | TRASTORNOS ESQUELÉTICOS |
| 650 ## - Materia general | |
| Temática (materia general) | ÚLCERAS BUCALES |
| 650 ## - Materia general | |
| Temática (materia general) | LESIONES ERITEMATOSAS ORALES |
| 650 ## - Materia general | |
| Temática (materia general) | LESIONES VIOLÁCEAS ORALES |
| 650 ## - Materia general | |
| Temática (materia general) | LESIONES BLANQUECINAS ORALES |
| 650 ## - Materia general | |
| Temática (materia general) | LESIONES ORALES PIGMENTADAS |
| 650 ## - Materia general | |
| Temática (materia general) | LESIONES RADIOPACAS ORALES |
| 650 ## - Materia general | |
| Temática (materia general) | LESIONES RADIOLUCENTES ORALES |
| 650 ## - Materia general | |
| Temática (materia general) | VIH-SIDA |
| 650 ## - Materia general | |
| Temática (materia general) | LESIONES CUTÁNEAS |
| 942 ## - Punto de acceso adicional KOHA | |
| Tipo de ítem KOHA | Libro |
| Fuente del sistema de clasificación o colocación | Dewey Decimal Classification |
| Signatura completa | Código de barras | Programa Académico | Tipo de ítem |
|---|---|---|---|
| 616.31 D361p2 | 20830 | Mecánica Dental | Libro |